MARC details
| 000 -LEADER |
| fixed length control field |
01172cam a2200337 i 4500 |
| 001 - CONTROL NUMBER |
| control field |
19097015 |
| 003 - CONTROL NUMBER IDENTIFIER |
| control field |
OSt |
| 005 - DATE AND TIME OF LATEST TRANSACTION |
| control field |
20230608145348.0 |
| 008 - FIXED-LENGTH DATA ELEMENTS--GENERAL INFORMATION |
| fixed length control field |
160517s2016 ke b 001 0 eng |
| 010 ## - LIBRARY OF CONGRESS CONTROL NUMBER |
| LC control number |
2015333310 |
| 020 ## - INTERNATIONAL STANDARD BOOK NUMBER |
| International Standard Book Number |
9789966530233 |
| 040 ## - CATALOGING SOURCE |
| Original cataloging agency |
DLC |
| Language of cataloging |
eng |
| Transcribing agency |
DLC |
| Description conventions |
rda |
| Modifying agency |
DLC |
| 042 ## - AUTHENTICATION CODE |
| Authentication code |
lcode |
| -- |
pcc |
| 043 ## - GEOGRAPHIC AREA CODE |
| Geographic area code |
fe----- |
| 050 ## - LIBRARY OF CONGRESS CALL NUMBER |
| Classification number |
348BAK |
| 082 ## - DEWEY DECIMAL CLASSIFICATION NUMBER |
| Classification number |
348 |
| Item number |
BAK |
| 100 1# - MAIN ENTRY--PERSONAL NAME |
| Personal name |
Bakibinga, D. J. |
| 245 10 - TITLE STATEMENT |
| Title |
Intellectual property law in East Africa / |
| Statement of responsibility, etc. |
David J. Bakibinga, LL.B., Ph.D., Professor of Commercial Law, Makerere University and Ronald Mayambala Kakungulu, LL.B, LL.B, Senior Lecturer, School of Law, Makerere University. |
| 260 ## - PUBLICATION, DISTRIBUTION, ETC. (IMPRINT) |
| Place of publication, distribution, etc. |
|
| 264 #1 - PRODUCTION, PUBLICATION, DISTRIBUTION, MANUFACTURE, AND COPYRIGHT NOTICE |
| Place of production, publication, distribution, manufacture |
Nairobi, Kenya : |
| Name of producer, publisher, distributor, manufacturer |
LawAfrica Publishing (K) Ltd., |
| Date of production, publication, distribution, manufacture, or copyright notice |
[2016] |
| 300 ## - PHYSICAL DESCRIPTION |
| Extent |
xxxv, 260 pages ; |
| Dimensions |
21 cm |
| 336 ## - CONTENT TYPE |
| Content type term |
text |
| Source |
rdacontent |
| 337 ## - MEDIA TYPE |
| Media type term |
unmediated |
| Source |
rdamedia |
| 338 ## - CARRIER TYPE |
| Carrier type term |
volume |
| Source |
rdacarrier |
| 504 ## - BIBLIOGRAPHY, ETC. NOTE |
| Bibliography, etc |
Includes bibliographical references and index. |
| 650 #0 - SUBJECT ADDED ENTRY--TOPICAL TERM |
| Topical term or geographic name as entry element |
Intellectual property |
| Geographic subdivision |
Africa, East. |
| 700 1# - ADDED ENTRY--PERSONAL NAME |
| Personal name |
Kakungulu-Mayambala, R. |
| 906 ## - LOCAL DATA ELEMENT F, LDF (RLIN) |
| a |
7 |
| b |
cbc |
| c |
origode |
| d |
2 |
| e |
ncip |
| f |
20 |
| g |
y-gencatlg |
| 942 ## - ADDED ENTRY ELEMENTS (KOHA) |
| Source of classification or shelving scheme |
Dewey Decimal Classification |
| Koha item type |
Books |